Central Library and Information Centre
Sibsagar Girls' College, Sivasagar : Assam

THE NORTHEAST INDIA:LAND ECONOMY AND PEOPLE (Record no. 5366)

MARC details
000 -LEADER
fixed length control field 00394cam a2200157ua 4500
008 - FIXED-LENGTH DATA ELEMENTS--GENERAL INFORMATION
fixed length control field 190430n1991 II |||gr||||Z||||||eng
040 ## - CATALOGING SOURCE
Original cataloging agency MAIN
041 ## - LANGUAGE CODE
-- English
082 ## - DEWEY DECIMAL CLASSIFICATION NUMBER
Classification number 333.16 KRI
100 ## - MAIN ENTRY--PERSONAL NAME
Personal name KRISHNAN, R. GOPALA.
245 ## - TITLE STATEMENT
Title THE NORTHEAST INDIA:LAND ECONOMY AND PEOPLE
260 ## - PUBLICATION, DISTRIBUTION, ETC.
Place of publication, distribution, etc. NEW DELHI
Name of publisher, distributor, etc. VIKASH PUBLISHING HOUSE
Date of publication, distribution, etc. 1991
300 ## - PHYSICAL DESCRIPTION
Extent 257:
Dimensions 22cm.
942 ## - ADDED ENTRY ELEMENTS (KOHA)
Koha item type Books
Holdings
Withdrawn status Lost status Damaged status Not for loan Collection code Home library Current library Shelving location Date acquired Total Checkouts Full call number Barcode Date last seen Date last checked out Copy number Price effective from Koha item type Public note
        REFPSC Central Library and Information Centre Sibsagar Girls College Central Library and Information Centre Sibsagar Girls College North East India Books 19.06.1995 2 333.16 KRI 13458 10.04.2025 06.05.2024 1 27.02.2020 Books V


Sibsagar Girl's College © 2020. All rights reserved.
Powered by Koha.
Maintained by Abhijit Borpuzari.